[Event "Challenge"]
[Site "http://www.queenalice.com/game.php?id=265827"]
[Date "2007.9.2"]
[Round "-"]
[White "cyntiawefferson"]
[Black "Sin_personalidad"]
[Result "0-1"]
[WhiteElo "1244"]
[BlackElo "1857"]

1. e4 e5 2. Qg4 Nf6 3. Qh4 Be7 4. Bd3 d6 5. Bc4 O-O 6. Nf3 Bg4 7. O-O Qd7 8. Ng5
h6 9. Nf3 Nxe4 10. Bd5 Bxh4 11. Nxh4 Nc5 12. b4 c6 13. Bf3 Bxf3 14. Nxf3 Ne6 15.
Nc3 d5 16. Nxe5 Qd6 17. Nd3 Nd7 18. a3 Ne5 19. Nxe5 Qxe5 20. g3 d4 21. Na4 d3
22. Bb2 Qe4 23. Rfe1 Qf5 24. cxd3 Ng5 25. h4 Nf3+ 26. Kf1 Nxe1 27. Rxe1 Qxd3+
28. Kg1 Qb3 29. Nc5 Qxb2 30. Nxb7 Qxd2 31. Kf1 Rfe8 0-1

[Event "Challenge"]
[Site "http://www.queenalice.com/game.php?id=265828"]
[Date "2007.9.2"]
[Round "-"]
[White "cyntiawefferson"]
[Black "cameleon"]
[Result "0-1"]
[WhiteElo "1385"]
[BlackElo "1946"]

1. e4 d5 2. Qh5 Nf6 3. Qf3 Nxe4 4. Nc3 Nf6 5. Bb5+ c6 6. Ba4 Nbd7 7. Nh3 Nc5 8.
Bb3 d4 9. Na4 Bg4 10. Qf4 Nxb3 11. axb3 Bxh3 12. gxh3 b5 13. Nc5 Qd5 14. b4 e5
15. Qf5 Qxh1+ 16. Ke2 Bxc5 17. bxc5 Qxh2 18. b3 O-O 19. h4 Qxh4 20. Qxe5 Rfe8
21. Qxe8+ Rxe8+ 22. Kd3 Qe4# 0-1

[Event "AUTO-INT-614"]
[Site "http://www.queenalice.com/game.php?id=270709"]
[Date "2007.9.12"]
[Round "1"]
[White "cyntiawefferson"]
[Black "guzanito"]
[Result "0-1"]
[WhiteElo "1220"]
[BlackElo "1804"]

1. e4 e5 2. Nc3 Nc6 3. Nh3 Bc5 4. d3 d6 5. Ng5 h6 6. Nf3 Nf6 7. Nb5 a6 8. Nc3
O-O 9. Nd5 Be6 10. Nxf6+ Qxf6 11. c3 d5 12. exd5 Bxd5 13. c4 Bxf3 14. Qxf3 Qxf3
15. gxf3 Nd4 16. Kd1 Nxf3 17. Bg2 Nh4 18. Bxb7 Ra7 19. Bd5 Bxf2 20. b3 Bd4 0-1

[Event "AUTO-INT-614"]
[Site "http://www.queenalice.com/game.php?id=270710"]
[Date "2007.9.12"]
[Round "1"]
[White "guzanito"]
[Black "cyntiawefferson"]
[Result "1-0"]
[WhiteElo "1802"]
[BlackElo "1220"]

1. e4 e5 2. Nf3 d6 3. d4 exd4 4. Nxd4 Nc6 5. Bc4 Nxd4 6. Qxd4 Nf6 7. Nc3 Ng4 8.
O-O Qh4 9. h3 Nf6 10. Nb5 Kd8 11. Bxf7 Qxe4 12. Bg5 Qxd4 13. Nxd4 h6 14. Bxf6+
gxf6 15. Rfe1 Be7 16. Ne6+ Kd7 17. Rad1 b6 18. Nf4 Rf8 19. Bb3 Ba6 20. Ng6 Rfe8
21. Be6+ Kd8 22. Bf7 Rf8 23. Rxe7 1-0

[Event "AUTO-INT-614"]
[Site "http://www.queenalice.com/game.php?id=270711"]
[Date "2007.9.12"]
[Round "1"]
[White "cyntiawefferson"]
[Black "Alberlandes"]
[Result "0-1"]
[WhiteElo "1244"]
[BlackElo "1723"]

1. e4 c5 2. Qf3 e6 3. Nh3 Be7 4. d3 Nc6 5. Qg3 Bf6 6. Bg5 Qa5+ 7. c3 Qd8 8. Bxf6
Qxf6 9. Na3 Nge7 10. Nb5 O-O 11. Ng5 Ne5 12. Qh3 h6 13. Nf3 N5g6 14. Nc7 d5 15.
Nxa8 dxe4 16. dxe4 e5 17. Qg3 a6 18. Bc4 b5 19. Bb3 Bb7 20. Nc7 Bxe4 21. O-O Nf4
22. Nxa6 Ne2+ 23. Kh1 Nxg3+ 24. fxg3 b4 25. Nxc5 Bxf3 26. gxf3 Nf5 0-1

[Event "AUTO-INT-614"]
[Site "http://www.queenalice.com/game.php?id=270712"]
[Date "2007.9.12"]
[Round "1"]
[White "Alberlandes"]
[Black "cyntiawefferson"]
[Result "1-0"]
[WhiteElo "1721"]
[BlackElo "1244"]

1. d4 d5 2. Nf3 e6 3. Bg5 f6 4. Bh4 Bb4+ 5. c3 Ba5 6. e3 g5 7. Nxg5 fxg5 8. Qh5+
Kd7 9. Bxg5 Nf6 10. Qf7+ Kc6 11. b4 h6 12. Bxf6 Qf8 13. Qxf8 Rxf8 14. b5+ Kd7
15. Bg7 Ke8 16. Bxf8 Kxf8 17. Kd2 c6 18. a4 Nd7 19. Bd3 e5 20. Rf1 exd4 21. exd4
Nf6 22. f3 Be6 23. Kc2 a6 24. Nd2 axb5 25. axb5 cxb5 26. Nb3 b6 27. Bxb5 Bd7 28.
Bd3 Rc8 29. Nxa5 1-0

[Event "AUTO-OPEN-827"]
[Site "http://www.queenalice.com/game.php?id=270762"]
[Date "2007.9.12"]
[Round "1"]
[White "cyntiawefferson"]
[Black "sadick"]
[Result "0-1"]
[WhiteElo "1368"]
[BlackElo "1627"]

1. e4 c6 2. Nh3 d5 3. exd5 Bxh3 4. gxh3 cxd5 5. Qf3 Nc6 6. c3 e6 7. d4 Qf6 8.
Na3 Qxf3 9. Rg1 Bxa3 10. Rg3 Qe4+ 11. Re3 Qg6 12. bxa3 Nge7 13. Rg3 Qc2 14. Bf4
Nf5 15. Rd1 Nxg3 16. hxg3 Qxc3+ 17. Rd2 Nxd4 18. Be3 Nf3+ 19. Ke2 Nxd2 20. Bxd2
Qxa3 21. Ke1 Qxa2 22. Bb5+ Kd8 23. Bg5+ f6 24. Be3 Qa5+ 25. Kf1 Qxb5+ 0-1

[Event "AUTO-OPEN-827"]
[Site "http://www.queenalice.com/game.php?id=270799"]
[Date "2007.9.12"]
[Round "1"]
[White "Playoff"]
[Black "cyntiawefferson"]
[Result "1-0"]
[WhiteElo "1213"]
[BlackElo "1188"]

1. d4 e6 2. e4 Nh6 3. Bxh6 gxh6 4. e5 Qg5 5. Nf3 Qg6 6. Bd3 Qg7 7. O-O Rg8 8. g3
Na6 9. Bxa6 bxa6 10. Nbd2 Bb7 11. Re1 Qg4 12. a4 1-0

[Event "AUTO-OPEN-827"]
[Site "http://www.queenalice.com/game.php?id=270800"]
[Date "2007.9.12"]
[Round "1"]
[White "cyntiawefferson"]
[Black "Playoff"]
[Result "0-1"]
[WhiteElo "1205"]
[BlackElo "1169"]

1. e4 d6 2. Bb5+ c6 3. Ba4 h6 4. Qf3 Nf6 5. d3 Bg4 6. Qg3 Qa5+ 7. c3 Qxa4 8. b3
Qb5 9. c4 Qe5 10. Qxe5 dxe5 11. h3 Bd7 12. Nf3 b5 13. Nxe5 e6 14. O-O Bd6 0-1

[Event "AUTO-OPEN-829"]
[Site "http://www.queenalice.com/game.php?id=271678"]
[Date "2007.9.14"]
[Round "1"]
[White "sadick"]
[Black "cyntiawefferson"]
[Result "1-0"]
[WhiteElo "1651"]
[BlackElo "1188"]

1. d4 e6 2. e4 Nf6 3. Bg5 h6 4. Bxf6 Qxf6 5. e5 Qh4 6. Nf3 Qe7 7. c3 d6 8. Bb5+
Bd7 9. Bxd7+ Qxd7 10. Nbd2 Qb5 11. Qb3 Qxb3 12. Nxb3 1-0

[Event "AUTO-OPEN-829"]
[Site "http://www.queenalice.com/game.php?id=271679"]
[Date "2007.9.14"]
[Round "1"]
[White "cyntiawefferson"]
[Black "sadick"]
[Result "0-1"]
[WhiteElo "1186"]
[BlackElo "1653"]

1. e4 c6 2. Qf3 e5 3. Bc4 d5 4. exd5 cxd5 5. Qxd5 Qxd5 6. Bxd5 Nf6 7. Nc3 Bb4 8.
Nb5 Nxd5 9. c4 Bd7 10. a3 Bxb5 11. cxb5 Bd6 12. Nf3 O-O 0-1